Sports Quiz

Random Sports or Basketball Quiz
Score 0/24 Timer 05:00
0 Plays Today
Date Player % Correct
11/11/12 SACDeMarcus Cousins
92.6%
12/12/12 SACDeMarcus Cousins
92.6%
12/22/12 SACDeMarcus Cousins
92.6%
11/29/12 BOSRajon Rondo
86.4%
1/7/13 BOSRajon Rondo
86.4%
1/16/13 ATLJosh Smith
84%
4/27/13 NYKJR Smith
84%
1/9/13 NYKCarmelo Anthony
82.7%
2/5/13 LALMetta World Peace
82.7%
12/27/12 MIADwyane Wade
76.5%
2/27/13 GSWDavid Lee
71.6%
2/27/13 INDRoy Hibbert
70.4%
Date Player % Correct
12/11/12 TORAmir Johnson
66.7%
11/8/12 SACThomas Robinson
51.9%
5/31/13 MIAChris Andersen
51.9%
10/30/12 LACMatt Barnes
50.6%
2/1/13 LACMatt Barnes
50.6%
10/15/12 DALDelonte West
49.4%
2/13/13 ORLHedo Turkoglu
48.1%
1/15/13 HOURoyce White
45.7%
2/24/13 DETWill Bynum
28.4%
4/13/13 CHIRichard Hamilton
21%
2/26/13 MILSamuel Dalembert
19.8%
12/16/12 MILJoel Przybilla
6.2%
Remove Ads.
Support Sporcle.
Get the best of Sporcle when you Go Orange. This ad-free experience offers more features, more stats, and more fun while also helping to support Sporcle. Thank you for becoming a member.

You're not logged in!

Compare scores with friends on all Sporcle quizzes.
OR
Log In

Show Comments

Extras

Top Quizzes Today


Score Distribution

Your Account Isn't Verified!

In order to create a playlist on Sporcle, you need to verify the email address you used during registration. Go to your Sporcle Settings to finish the process.

Report this User

Report this user for behavior that violates our Community Guidelines.

Details: